Theorie analytique de la chaleur / (Record no. 17352)

MARC details
000 -LEADER
fixed length control field 00803nam a2200253 i 4500
003 - CONTROL NUMBER IDENTIFIER
control field EG-ScBUE
005 - DATE AND TIME OF LATEST TRANSACTION
control field 20250615090318.0
008 - FIXED-LENGTH DATA ELEMENTS--GENERAL INFORMATION
fixed length control field 820317r1822 nyuaf f 00010 fre d
020 ## - INTERNATIONAL STANDARD BOOK NUMBER
International Standard Book Number 9781108001809
040 ## - CATALOGING SOURCE
Original cataloging agency EG-ScBUE
Language of cataloging fre
Description conventions rda
Transcribing agency EG-ScBUE
Modifying agency EG-ScBUE
082 04 - DEWEY DECIMAL CLASSIFICATION NUMBER
Edition number 22
Classification number 536
Item number FOU
100 1# - MAIN ENTRY--PERSONAL NAME
Personal name Fourier, Jean Baptiste Joseph,
Relator term author.
9 (RLIN) 32814
245 10 - TITLE STATEMENT
Title Theorie analytique de la chaleur /
Statement of responsibility, etc par M. Fourier.
264 #1 - PUBLICATION, DISTRIBUTION, ETC. (IMPRINT)
Place of publication, distribution, etc Paris :
Name of publisher, distributor, etc F. Didot,
Date of publication, distribution, etc 1822.
300 ## - PHYSICAL DESCRIPTION
Extent xxii, 639 pages, [2] leaves of plates :
Other physical details illustrations ;
Dimensions 26 cm.
336 ## - CONTENT TYPE
Source rdacontent
Content type term text
Content type code txt
337 ## - MEDIA TYPE
Media type term unmediated
Source rdamedia
Media type code n
338 ## - CARRIER TYPE
Carrier type term volume
Carrier type code nc
Source rdacarrier
490 0# - SERIES STATEMENT
Series statement Cambridge library collection
650 #7 - SUBJECT ADDED ENTRY--TOPICAL TERM
Topical term or geographic name as entry element Heat.
Source of heading or term BUEsh
9 (RLIN) 32815
653 ## - INDEX TERM--UNCONTROLLED
Arrived date list March2013
655 ## - INDEX TERM--GENRE/FORM
Form subdivision Reading book
942 ## - ADDED ENTRY ELEMENTS (KOHA)
Source of classification or shelving scheme Dewey Decimal Classification
Koha item type Book - Borrowing
Holdings
Withdrawn status Lost status Source of classification or shelving scheme Damaged status Not for loan Collection code Home library Current library Shelving location Date acquired Source of acquisition Total Checkouts Full call number Barcode Date last seen Price effective from Koha item type
    Dewey Decimal Classification       Central Library Central Library First floor 12/03/2013 Donation   536 FOU 000028470 15/07/2025 12/03/2013 Book - Borrowing